60 Second Blitz: Elements Quiz Stats

 Plays Quiz Updated Oct 31, 2018

Score 0/118 Timer 01:00
8 Plays Today
Element % Correct
Hydrogen
87.1%
Oxygen
83.2%
Helium
78.7%
Gold
74.8%
Silver
70.9%
Carbon
67.8%
Nitrogen
61.1%
Neon
55.1%
Iron
52.4%
Boron
50.9%
Argon
46.6%
Copper
42.2%
Lithium
40.6%
Lead
39.4%
Tin
39.4%
Sodium
39.3%
Potassium
38.9%
Xenon
36.5%
Magnesium
33.2%
Chlorine
33.2%
Calcium
30.4%
Zinc
29.5%
Aluminum
29%
Fluorine
28.1%
Radon
25.8%
Sulfur
24.5%
Uranium
23.4%
Mercury
23%
Krypton
22.9%
Nickel
20.3%
Beryllium
20.1%
Iodine
19.4%
Cobalt
18%
Platinum
17.4%
Phosphorus
16.6%
Manganese
16.5%
Einsteinium
15.7%
Plutonium
15.5%
Silicon
15.2%
Bromine
14.4%
Element % Correct
Radium
14.3%
Barium
13.2%
Titanium
12.9%
Arsenic
12.8%
Tungsten
12.8%
Cesium
10.9%
Francium
10.8%
Antimony
8.6%
Californium
8.2%
Germanium
8.1%
Selenium
7.5%
Cadmium
7%
Curium
6.5%
Chromium
6.3%
Gallium
6.1%
Americium
5.9%
Vanadium
5.5%
Astatine
5.1%
Rubidium
5.1%
Yttrium
5%
Bismuth
5%
Strontium
4.2%
Polonium
3.9%
Scandium
3.6%
Cerium
3.5%
Indium
3.5%
Iridium
3.3%
Neptunium
3.3%
Zirconium
3.2%
Palladium
3%
Osmium
2.9%
Molybdenum
2.9%
Europium
2.8%
Ytterbium
2.7%
Erbium
2.6%
Rhodium
2.5%
Rhenium
2.4%
Thallium
2.4%
Thorium
2.4%
Hafnium
2.2%
Element % Correct
Rutherfordium
2%
Bohrium
2%
Berkelium
1.9%
Fermium
1.9%
Actinium
1.9%
Terbium
1.8%
Thulium
1.8%
Lanthanum
1.7%
Hassium
1.4%
Holmium
1.4%
Ruthenium
1.4%
Niobium
1.4%
Lawrencium
1.2%
Oganesson
1.2%
Copernicium
1.2%
Mendelevium
1.2%
Technetium
1.2%
Nobelium
1.1%
Tellurium
1.1%
Seaborgium
1.1%
Dubnium
1%
Tantalum
0.9%
Tennessine
0.9%
Flerovium
0.9%
Neodymium
0.9%
Nihonium
0.9%
Livermorium
0.8%
Moscovium
0.8%
Gadolinium
0.7%
Lutetium
0.7%
Dysprosium
0.7%
Protactinium
0.6%
Darmstadtium
0.6%
Samarium
0.5%
Praseodymium
0.5%
Meitnerium
0.5%
Promethium
0.5%
Roentgenium
0.4%

You're not logged in!

Compare scores with friends on all Sporcle quizzes.
OR
Log In

Sporcle TV

Today on Sporcle TV


Watch our educational content, quiz creation guides, and fun videos on Sporcle TV.

Show Comments

Extras

Top Quizzes Today


Score Distribution

Your Account Isn't Verified!

In order to create a playlist on Sporcle, you need to verify the email address you used during registration. Go to your Sporcle Settings to finish the process.

Report this User

Report this user for behavior that violates our Community Guidelines.

Details: